000 00400nam a2200145 i 4500
001 39836
003 ES-MaACL
005 20230906160105.0
007 t|
008 030304s1967 sp ||||1| spa d
245 0 0 _aCapagraf
_b: catálogo del papel, prensa y artes gráficas...
260 _aBarcelona, etc. :
_bAbarca,
_c[1967]
300 _a744 p. ;
_c25 cm.
852 _aES-MaACL
_jC-32553
_bR.63444
999 _c39836
_d39836